CFB Power 5 Conferences 2025 - Statistics

General Stats
  • This quiz has been taken 5,603 times
    4,008 since last reset
  • The average score is 55 of 74
Answer Stats
Conference Answer % Correct
SEC Alabama
93%
SEC Texas
93%
SEC Georgia
92%
Big Ten Michigan
92%
Big Ten Oregon
92%
Big Ten Ohio State
91%
SEC Florida
89%
Big Ten Washington
88%
ACC Florida State
86%
Big Ten Michigan State
86%
ACC Clemson
85%
SEC Oklahoma
84%
ACC North Carolina
83%
SEC Ole Miss
83%
Big Ten Penn State
83%
Big Ten UCLA
83%
Big Ten USC
83%
Big Ten Iowa
82%
SEC Tennessee
82%
SEC Arkansas
81%
Big Ten Indiana
81%
SEC LSU
81%
Pac 12 Oregon State
81%
SEC South Carolina
81%
SEC Texas A&M
80%
SEC Vanderbilt
80%
SEC Auburn
79%
SEC Kentucky
79%
ACC Miami
79%
SEC Mississippi State
79%
Big 12 Arizona
78%
Big Ten Illinois
78%
ACC Virginia
78%
Pac 12 Washington State
78%
Big 12 Colorado
77%
ACC Duke
77%
Big 12 Arizona State
76%
ACC Cal
76%
Big 12 Kansas
76%
SEC Missouri
76%
Big Ten Nebraska
76%
Big Ten Rutgers
75%
Big 12 Texas Tech
75%
Big Ten Wisconsin
75%
ACC Georgia Tech
72%
Big Ten Minnesota
72%
ACC Virginia Tech
72%
Big 12 Iowa State
71%
Big 12 Kansas State
71%
Big Ten Maryland
71%
Big 12 Oklahoma State
70%
Big Ten Purdue
69%
ACC Boston College
68%
Big Ten Northwestern
68%
ACC Stanford
68%
Big 12 Utah
68%
Big 12 BYU
67%
ACC NC State
66%
ACC SMU
65%
ACC Syracuse
65%
Big 12 West Virginia
65%
Big 12 Baylor
63%
Pac 12 Boise State
63%
ACC Louisville
62%
ACC Pittsburgh
62%
Big 12 TCU
62%
ACC Wake Forest
61%
Big 12 Houston
55%
Pac 12 Colorado State
54%
Big 12 UCF
54%
Big 12 Cincinnati
53%
Pac 12 Utah State
47%
Pac 12 San Diego State
42%
Pac 12 Fresno State
39%
No matching quizzes found
Score Distribution
Percent of People with Each Score
Percentile by Number Answered
Your Score History
You have not taken this quiz since the last reset